00393nam a2200133 a 4500008004100000020001800041050001600059100001800075245007300093250001600166260002500182300002900207650002300236210303s2012 ||||||||||||||||| || u a9785865476665 aPG 2900 Max aMaximova, A.L10a10 lessons of Russian language etiquette (4th edition)cA.L Maximova a4th edition aSt. Petersburgc2012 a103 pages: illustrations aRUSSIAN LITERATURE